000 00313nam a22001337a 4500
020 _qPB.
040 _cFIZZA ISHAQ
082 _a624.2
_bXIA
100 _aXIAO,RUCHENG.
_929641
245 _aBRIDGE STRUCTURAL SYSTEM /
_cXIAO RUCHENG.
260 _aCHINA PRESS ;
_c2011.
300 _a608 P. ;
942 _2ddc
_cBK
999 _c589459
_d589459